Stati con più di 100 milioni di abitanti - Morte improvvisa - Statistics

Statistiche generali
  • Questo quiz è stato fatto 820 volte
    169 dall'ultimo reset
  • Il punteggio medio è 7 su 16
Answers on the Grid
Answers color-coded by a green-red scale on the quiz's grid according to % correct below.
India
Cina
Stati Uniti
Indonesia
Pakistan
Nigeria
Brasile
Bangladesh
Russia
Messico
Etiopia
Giappone
Filippine
Egitto
Repubblica Democratica del Congo
Vietnam
Iran
Turchia
Germania
Thailandia
Tanzania
Regno Unito
Francia
Sudafrica
Italia
Kenya
Algeria
Colombia
Corea del Sud
Uganda
Sudan
Spagna
Iraq
Algeria
Argentina
Afghanistan
 
Statistiche sulle risposte
Risposta % Corretto
Stati Uniti
78%
Russia
65%
Cina
63%
India
59%
Brasile
46%
Indonesia
46%
Pakistan
44%
Bangladesh
41%
Giappone
41%
Messico
39%
Nigeria
37%
Filippine
24%
Repubblica Democratica del Congo
24%
Egitto
22%
Etiopia
17%
Vietnam
13%
Nessun quiz corrispondente trovato
Distribuzione punteggi
Percentuale di utenti per punteggio
Percentile per numero di risposta
I tuoi punteggi nel tempo
Non hai fatto questo quiz dall'ultimo reset